TB. OF BIOCHEMISTRY WITH BIOMEDICAL SIGNIFICANCE FOR MEDICAL AND DENTAL STUDENTS (Record no. 10229)

MARC details
000 -LEADER
fixed length control field 00367nam a22001457a 4500
003 - CONTROL NUMBER IDENTIFIER
control field SGT
082 ## - DEWEY DECIMAL CLASSIFICATION NUMBER
Classification number 612.015
Item number B13G
100 ## - MAIN ENTRY--PERSONAL NAME
Personal name GUPTA. PREM PRAKASH
245 ## - TITLE STATEMENT
Title TB. OF BIOCHEMISTRY WITH BIOMEDICAL SIGNIFICANCE FOR MEDICAL AND DENTAL STUDENTS
250 ## - EDITION STATEMENT
Edition statement 2ND
260 ## - PUBLICATION, DISTRIBUTION, ETC. (IMPRINT)
Place of publication, distribution, etc DELHI
Name of publisher, distributor, etc CBS
Year of Publication 2013
300 ## - PAGE DESCRIPTION
No. of Pages 883
650 ## - SUBJECT ADDED ENTRY--TOPICAL TERM
Topical term or geographic name as entry element BIOCHEMISTRY
942 ## - ADDED ENTRY ELEMENTS (KOHA)
Source of classification or shelving scheme Dewey Decimal Classification
Koha item type Books
942 ## - ADDED ENTRY ELEMENTS (KOHA)
-- 5
Holdings
Withdrawn status Lost status Source of classification or shelving scheme Damaged status Not for loan Collection code Home library Current library Shelving location Date acquired Vendor Name Cost, normal purchase price SGTU Bill Number Total Checkouts Full call number Accession No. (Barcode) Date last seen Date last borrowed Bill Date Koha item type
    Dewey Decimal Classification     MEDICAL SGT Medical Library SGT Medical Library Text Book 14/12/2016 ABC 575.00 SGTU 6436 8 612.015 B13G FM7731 29/09/2025 29/09/2025 02/01/2016 Books
    Dewey Decimal Classification     MEDICAL SGT Medical Library SGT Medical Library Text Book 14/12/2016 ABC 575.00 SGTU 6436 7 612.015 B13G FM7732 23/05/2023 10/05/2023 02/01/2016 Books
    Dewey Decimal Classification     MEDICAL SGT Medical Library SGT Medical Library Text Book 14/12/2016 ABC 575.00 SGTU 6436 5 612.015 B13G FM7733 15/09/2025 01/09/2025 02/01/2016 Books
    Dewey Decimal Classification     MEDICAL SGT Medical Library SGT Medical Library Text Book 14/12/2016 ABC 575.00 SGTU 6436 6 612.015 B13G FM7734 29/09/2025 25/09/2025 02/01/2016 Books
    Dewey Decimal Classification     MEDICAL SGT Medical Library SGT Medical Library Text Book 14/12/2016 ABC 575.00 SGTU 6436 12 612.015 B13G FM7735 11/02/2023 03/02/2023 02/01/2016 Books